00309nam a2200109Ia 45000010005000000080041000050200022000460820020000681000031000882450063001192600017001823827241024s9999 xx 000 0 und d a978-9945-457-48-3 aRD/972-07/UT92h aCiprián de (Fray) Utrera 0aHistoria Militar de Santo Domingo. (Documentos y noticias) bBúhoc2014